[Event "New York Masters 68th"]
[Site "New York"]
[Date "2003.08.12"]
[Round "4"]
[White "Charbonneau, Pascal"]
[Black "Bonin, Jay R"]
[Result "0-1"]
[WhiteElo "2442"]
[BlackElo "2368"]
[PlyCount "82"]
[GameId "1166645561921536"]
[EventDate "2003.08.12"]
[EventType "swiss (rapid)"]
[EventRounds "4"]
[EventCountry "USA"]
[SourceTitle "CBM 095 Extra"]
[Source "ChessBase"]
[SourceDate "2003.09.04"]
[SourceVersion "1"]
[SourceVersionDate "2003.09.04"]
[SourceQuality "1"]

1. e4 Nf6 2. e5 Nd5 3. d4 d6 4. Nf3 Bg4 5. Be2 c6 6. O-O Bxf3 7. Bxf3 dxe5 8. dxe5 e6 9. b3 Nd7 10. Re1 Bc5 11. Bb2 Qb6 12. Qe2 Nf4 13. Qd2 Ng6 14. Nc3 Be7 15. Bh5 O-O-O 16. Na4 Qc7 17. Qe3 b5 18. Nc3 Bc5 19. Qe4 Ngxe5 20. a4 b4 21. Na2 Bd6 22. Rad1 Nf6 23. Qe2 Ng6 24. Bf3 Bxh2+ 25. Kh1 Rxd1 26. Rxd1 Be5 27. Qa6+ Qb7 28. Qc4 Bxb2 29. Bxc6 Qc7 30. Nxb4 Ne5 31. Qa6+ Kb8 32. Qe2 Qb6 33. Bb5 Nfg4 34. Rf1 Bd4 35. f3 Ne3 36. Re1 Nf5 37. Kh2 Qd6 38. f4 Qxb4 39. fxe5 Qc3 40. Bd3 Ne3 41. Qf3 Qxe1 0-1

[Event "American Continental 02nd"]
[Site "Buenos Aires"]
[Date "2003.08.17"]
[Round "1"]
[White "Campitelli, Guillermo"]
[Black "Charbonneau, Pascal"]
[Result "0-1"]
[WhiteElo "2190"]
[BlackElo "2442"]
[PlyCount "58"]
[GameId "1165542947745792"]
[EventDate "2003.08.17"]
[EventType "swiss"]
[EventRounds "11"]
[EventCountry "ARG"]
[SourceTitle "CBM 097"]
[Source "ChessBase"]
[SourceDate "2003.11.11"]
[SourceVersion "1"]
[SourceVersionDate "2003.11.11"]
[SourceQuality "1"]

1. d4 d5 2. c4 c6 3. cxd5 cxd5 4. Nc3 Nf6 5. Bf4 Nc6 6. e3 a6 7. Bd3 Bg4 8. Nge2 e6 9. O-O Be7 10. f3 Bh5 11. Rc1 O-O 12. Bg3 Bg6 13. Nf4 Bxd3 14. Nxd3 Nd7 15. Na4 Nb6 16. Nxb6 Qxb6 17. Rc3 Rfc8 18. Qc2 Na7 19. Bc7 Qb5 20. Rc1 Qd7 21. a4 b5 22. Ne5 Qe8 23. axb5 Nxb5 24. Rc6 Na7 25. Rc3 Bb4 26. Rb3 Ba5 27. Rb7 Bxc7 28. Rxc7 Rxc7 29. Qxc7 Rc8 0-1

[Event "American Continental 02nd"]
[Site "Buenos Aires"]
[Date "2003.08.18"]
[Round "2"]
[White "Charbonneau, Pascal"]
[Black "Alvarez Castillo, Hector Adrian"]
[Result "1-0"]
[WhiteElo "2442"]
[BlackElo "2216"]
[PlyCount "49"]
[GameId "1165542947815424"]
[EventDate "2003.08.17"]
[EventType "swiss"]
[EventRounds "11"]
[EventCountry "ARG"]
[SourceTitle "CBM 097"]
[Source "ChessBase"]
[SourceDate "2003.11.11"]
[SourceVersion "1"]
[SourceVersionDate "2003.11.11"]
[SourceQuality "1"]

1. e4 Nf6 2. e5 Nd5 3. d4 d6 4. c4 Nb6 5. exd6 exd6 6. Nc3 Be7 7. h3 O-O 8. Nf3 Bf5 9. Be2 h6 10. O-O N8d7 11. d5 Bf6 12. Nd4 Bh7 13. Be3 Re8 14. Qd2 Nc5 15. f3 a5 16. b3 Qd7 17. f4 Qe7 18. Bf2 Ne4 19. Nxe4 Qxe4 20. Rae1 a4 21. Nb5 axb3 22. axb3 Qe7 23. Bg4 Qf8 24. Nxc7 Rxe1 25. Rxe1 1-0

[Event "American Continental 02nd"]
[Site "Buenos Aires"]
[Date "2003.08.21"]
[Round "4"]
[White "Charbonneau, Pascal"]
[Black "Gulko, Boris F"]
[Result "0-1"]
[WhiteElo "2442"]
[BlackElo "2583"]
[PlyCount "60"]
[GameId "1165542947942400"]
[EventDate "2003.08.17"]
[EventType "swiss"]
[EventRounds "11"]
[EventCountry "ARG"]
[SourceTitle "CBM 097"]
[Source "ChessBase"]
[SourceDate "2003.11.11"]
[SourceVersion "1"]
[SourceVersionDate "2003.11.11"]
[SourceQuality "1"]

1. e4 c5 2. Nf3 Nc6 3. d4 cxd4 4. Nxd4 Nf6 5. Nc3 d6 6. Bg5 e6 7. Qd2 Be7 8. O-O-O O-O 9. Nb3 Qb6 10. f3 Rd8 11. Kb1 Qc7 12. Bd3 a6 13. h4 b5 14. Qf2 b4 15. Ne2 Ne5 16. f4 Nxd3 17. cxd3 a5 18. Rc1 Qd7 19. Qf3 Bb7 20. Nd2 Rac8 21. Bxf6 Bxf6 22. g4 Rxc1+ 23. Rxc1 Rc8 24. Rxc8+ Qxc8 25. g5 Bd8 26. Qe3 Ba6 27. b3 Bb6 28. Qxb6 Bxd3+ 29. Ka1 Bxe2 30. Nc4 d5 0-1

[Event "American Continental 02nd"]
[Site "Buenos Aires"]
[Date "2003.08.25"]
[Round "7"]
[White "Felgaer, Ruben Alejandro"]
[Black "Charbonneau, Pascal"]
[Result "1/2-1/2"]
[WhiteElo "2551"]
[BlackElo "2442"]
[PlyCount "78"]
[GameId "1166645582725120"]
[EventDate "2003.08.17"]
[EventType "swiss"]
[EventRounds "11"]
[EventCountry "ARG"]
[SourceTitle "CBM 097"]
[Source "ChessBase"]
[SourceDate "2003.11.11"]
[SourceVersion "1"]
[SourceVersionDate "2003.11.11"]
[SourceQuality "1"]

1. e4 c5 2. Nf3 e6 3. d4 cxd4 4. Nxd4 a6 5. Nc3 Qc7 6. g3 Bb4 7. Nde2 Nf6 8. Bg2 Nc6 9. Bf4 Qa5 10. a3 Be7 11. Bd6 O-O 12. O-O Bxd6 13. Qxd6 Ne8 14. Qd2 d6 15. Rfd1 Qc7 16. h3 b5 17. Qe3 Bb7 18. Rd2 Nf6 19. Rad1 Rfd8 20. f4 Rac8 21. Kh2 h6 22. Rd3 Na5 23. b3 Nc6 24. Qd2 Ne8 25. Qe3 b4 26. axb4 Nxb4 27. R3d2 Qc5 28. Qxc5 Rxc5 29. e5 d5 30. Na4 Rxc2 31. Rxc2 Nxc2 32. Nc5 Bc6 33. Rc1 Ne3 34. Nd4 Bb5 35. Bf3 Nf5 36. Nxf5 exf5 37. Nb7 Rd7 38. Nc5 Rd8 39. Nb7 Rd7 1/2-1/2

[Event "Lindsborg Inv rap"]
[Site "Kansas"]
[Date "2003.12.13"]
[Round "1"]
[White "Charbonneau, Pascal"]
[Black "Donaldson, John W"]
[Result "0-1"]
[WhiteElo "2485"]
[BlackElo "2456"]
[PlyCount "104"]
[GameId "1166645964443648"]
[EventDate "2003.12.13"]
[EventType "tourn (rapid)"]
[EventRounds "5"]
[EventCountry "USA"]
[EventCategory "13"]
[SourceTitle "CBM 099"]
[Source "ChessBase"]
[SourceDate "2004.03.30"]
[SourceVersion "1"]
[SourceVersionDate "2004.03.30"]
[SourceQuality "1"]

1. e4 c5 2. Nf3 g6 3. d4 cxd4 4. Nxd4 Nc6 5. Nc3 Bg7 6. Be3 Nf6 7. Bc4 O-O 8. Bb3 a5 9. O-O d6 10. f3 Nxd4 11. Bxd4 Bd7 12. a4 Bc6 13. Nd5 Bxd5 14. exd5 Nd7 15. Bxg7 Kxg7 16. Qd4+ Kg8 17. Rfe1 Re8 18. Kh1 Qb6 19. Qh4 Nc5 20. Ra3 Qb4 21. Qxb4 axb4 22. Raa1 Kf8 23. Rad1 b5 24. axb5 Nxb3 25. cxb3 Rab8 26. Re4 Rxb5 27. Kg1 Rc8 28. Rd2 Rcc5 29. Red4 h5 30. Kf2 Kg7 31. Ke3 Rc1 32. Kd3 g5 33. Ke3 Rcc5 34. Ke4 Kf6 35. f4 g4 36. h4 Rc1 37. Re2 Rh1 38. g3 Rg1 39. Rd3 Rc5 40. Kd4 Rcc1 41. Ke4 Rcd1 42. Ree3 Rc1 43. Rd4 Rc2 44. Rxb4 Rxb2 45. Rb7 Rbg2 46. Kd4 Rxg3 47. Rexe7 Rd1+ 48. Kc4 Kf5 49. Re2 f6 50. Rf7 Rf3 51. Re6 Rxf4+ 52. Kb5 Rxd5+ 0-1

[Event "Reykjavik op 21st"]
[Site "Reykjavik"]
[Date "2004.03.09"]
[Round "3"]
[White "Charbonneau, Pascal"]
[Black "Pavlovic, Milos"]
[Result "0-1"]
[WhiteElo "2485"]
[BlackElo "2548"]
[PlyCount "48"]
[GameId "1166646189719552"]
[EventDate "2004.03.07"]
[EventType "swiss"]
[EventRounds "9"]
[EventCountry "ISL"]
[SourceTitle "CBM 099 Extra"]
[Source "ChessBase"]
[SourceDate "2004.05.04"]
[SourceVersion "1"]
[SourceVersionDate "2004.05.04"]
[SourceQuality "1"]

1. e4 e6 2. d4 d5 3. e5 c5 4. c3 Nc6 5. Nf3 Bd7 6. dxc5 Bxc5 7. Bd3 Nge7 8. b4 Bb6 9. b5 Na5 10. O-O Ng6 11. Re1 Rc8 12. Bg5 Qc7 13. h4 Nc4 14. Qe2 Ncxe5 15. Bc2 Ng4 16. Rf1 O-O 17. h5 f6 18. hxg6 fxg5 19. gxh7+ Kh8 20. Nbd2 Qg3 21. Kh1 Bxf2 22. Rxf2 Nxf2+ 23. Kg1 Nh3+ 24. Kh1 Nf4 0-1

[Event "Reykjavik op 21st"]
[Site "Reykjavik"]
[Date "2004.03.10"]
[Round "4"]
[White "Johannesson, Ingvar Thor"]
[Black "Charbonneau, Pascal"]
[Result "0-1"]
[WhiteElo "2302"]
[BlackElo "2485"]
[PlyCount "96"]
[GameId "1166646189899776"]
[EventDate "2004.03.07"]
[EventType "swiss"]
[EventRounds "9"]
[EventCountry "ISL"]
[SourceTitle "CBM 099 Extra"]
[Source "ChessBase"]
[SourceDate "2004.05.04"]
[SourceVersion "1"]
[SourceVersionDate "2004.05.04"]
[SourceQuality "1"]

1. d4 g6 2. e4 Bg7 3. Nc3 d6 4. Be3 a6 5. a4 Nf6 6. h3 O-O 7. Nf3 b6 8. Bd3 Bb7 9. O-O Nbd7 10. Qd2 e5 11. dxe5 dxe5 12. Rfe1 Qe7 13. Bg5 Rfe8 14. Rad1 Qf8 15. Bc4 h6 16. Bxf6 Nxf6 17. Nd5 Nxd5 18. Bxd5 Rad8 19. Qe2 Bxd5 20. Rxd5 Rxd5 21. exd5 Qc5 22. Rd1 e4 23. b3 Kf8 24. Nh2 f5 25. Nf1 a5 26. Ne3 Rd8 27. Qc4 Qe7 28. Qc6 Bf6 29. Kf1 Kg7 30. d6 Rxd6 31. Rxd6 Qxd6 32. Qxd6 cxd6 33. Nc4 Bd4 34. Nxd6 Kf6 35. Ke2 Bc5 36. Nb5 Ke5 37. Nc3 g5 38. Nb5 h5 39. f3 Kf4 40. fxe4 Kxe4 41. Nc3+ Kf4 42. Nd5+ Kg3 43. Kf1 g4 44. hxg4 fxg4 45. Nf6 h4 46. Nh5+ Kh2 47. Ng7 h3 48. gxh3 g3 0-1

[Event "Reykjavik op 21st"]
[Site "Reykjavik"]
[Date "2004.03.15"]
[Round "8"]
[White "Sigfusson, Sigurdur Dadi"]
[Black "Charbonneau, Pascal"]
[Result "0-1"]
[WhiteElo "2285"]
[BlackElo "2485"]
[PlyCount "96"]
[GameId "1166646190571520"]
[EventDate "2004.03.07"]
[EventType "swiss"]
[EventRounds "9"]
[EventCountry "ISL"]
[SourceTitle "CBM 099 Extra"]
[Source "ChessBase"]
[SourceDate "2004.05.04"]
[SourceVersion "1"]
[SourceVersionDate "2004.05.04"]
[SourceQuality "1"]

1. e4 c5 2. Nf3 e6 3. d4 cxd4 4. Nxd4 a6 5. Nc3 Qc7 6. Bd3 Nf6 7. Be3 b5 8. O-O Bb7 9. a3 Nc6 10. Kh1 Ne5 11. f4 Nc4 12. Bc1 Bc5 13. Ndxb5 axb5 14. Nxb5 Qb6 15. Bxc4 Nxe4 16. b4 Bxb4 17. Bb2 Bc5 18. Bd4 Bxd4 19. Nxd4 Qc5 20. Bb5 O-O 21. a4 d6 22. c4 g6 23. a5 Rad8 24. f5 e5 25. a6 Ba8 26. Nf3 Nf2+ 27. Rxf2 Qxf2 28. f6 h6 29. Qe1 Qxe1+ 30. Rxe1 Rc8 31. h4 Rc5 32. Nd2 Rd8 33. Ne4 Rcc8 34. Nc3 d5 35. Nxd5 Bxd5 36. cxd5 Rxd5 37. Rb1 Rdc5 38. Kh2 Rb8 39. a7 Ra8 40. Bd3 Rxa7 41. h5 Rc6 42. Rb8+ Kh7 43. Re8 Rxf6 44. Rxe5 Kg7 45. hxg6 fxg6 46. Be4 h5 47. g4 Ra2+ 48. Kg3 Ra3+ 0-1

[Event "ACP Blitz Prelim2 3rd"]
[Site "Playchess.com INT"]
[Date "2004.06.01"]
[Round "1"]
[White "Fressinet, Laurent"]
[Black "Charbonneau, Pascal"]
[Result "1/2-1/2"]
[WhiteElo "2636"]
[BlackElo "2485"]
[PlyCount "110"]
[GameId "1166646471225344"]
[EventDate "2004.06.01"]
[EventType "tourn (blitz)"]
[EventRounds "22"]
[EventCountry "GER"]
[EventCategory "10"]
[SourceTitle "CBM 100 Extra"]
[Source "ChessBase"]
[SourceDate "2004.07.06"]
[SourceVersion "2"]
[SourceVersionDate "2004.07.06"]
[SourceQuality "1"]

1. e4 c5 2. Nf3 e6 3. Nc3 a6 4. d4 cxd4 5. Nxd4 b5 6. Bd3 Bb7 7. O-O Qb6 8. Nf3 Nc6 9. a4 b4 10. a5 Nxa5 11. Na4 Qc7 12. Be3 Nc6 13. Nb6 Rb8 14. Bxa6 Bxa6 15. Rxa6 Nf6 16. Nd5 Qc8 17. Nxf6+ gxf6 18. Qd3 Be7 19. Rfa1 O-O 20. Bh6 Rd8 21. Nd4 Ne5 22. Qg3+ Ng6 23. h4 Qc5 24. Nf3 Bf8 25. R6a5 Rb5 26. Be3 Rxa5 27. Bxc5 Rxa1+ 28. Kh2 Bxc5 29. Qc7 Be7 30. h5 Nf8 31. e5 f5 32. Qc4 h6 33. g4 Nh7 34. gxf5 exf5 35. Nd4 Ra5 36. Nxf5 Bf8 37. f4 Rc5 38. Qd3 Rdc8 39. Ne3 R8c7 40. Qe4 d6 41. Nd5 Rxc2+ 42. Kg3 R7c4 43. Qf5 dxe5 44. fxe5 Rd2 45. e6 fxe6 46. Qxe6+ Kh8 47. Qe5+ Bg7 48. Qe8+ Nf8 49. Nf4 Kg8 50. Ng6 Rd3+ 51. Kf2 Rc2+ 52. Ke1 Rc5 53. Kf2 Rc2+ 54. Ke1 Rc5 55. Kf2 Rc2+ 1/2-1/2

[Event "ACP Blitz Prelim2 3rd"]
[Site "Playchess.com INT"]
[Date "2004.06.01"]
[Round "3"]
[White "Charbonneau, Pascal"]
[Black "Veroci, Zsuzsa"]
[Result "1-0"]
[WhiteElo "2485"]
[BlackElo "2315"]
[PlyCount "57"]
[GameId "1166646471266304"]
[EventDate "2004.06.01"]
[EventType "tourn (blitz)"]
[EventRounds "22"]
[EventCountry "GER"]
[EventCategory "10"]
[SourceTitle "CBM 100 Extra"]
[Source "ChessBase"]
[SourceDate "2004.07.06"]
[SourceVersion "2"]
[SourceVersionDate "2004.07.06"]
[SourceQuality "1"]

1. e4 e5 2. Nc3 Nc6 3. Bc4 Nf6 4. d3 Na5 5. Bg5 h6 6. Bh4 Be7 7. Nge2 c6 8. a3 Nxc4 9. dxc4 d6 10. Qd3 Be6 11. O-O g5 12. Bg3 Qc7 13. Rfd1 O-O-O 14. a4 Nh5 15. a5 a6 16. b3 Nf4 17. Qe3 Kb8 18. f3 f5 19. Bf2 Nxe2+ 20. Qxe2 c5 21. exf5 Bxf5 22. Nd5 Qd7 23. b4 Be6 24. bxc5 dxc5 25. Nxe7 Qxe7 26. Qxe5+ Ka8 27. Re1 Rhe8 28. Rab1 Qf7 29. Qxc5 1-0

[Event "ACP Blitz Prelim2 3rd"]
[Site "Playchess.com INT"]
[Date "2004.06.01"]
[Round "4"]
[White "Fernandez Aguado, Juan Luis"]
[Black "Charbonneau, Pascal"]
[Result "0-1"]
[WhiteElo "2316"]
[BlackElo "2485"]
[PlyCount "96"]
[GameId "1166646471286784"]
[EventDate "2004.06.01"]
[EventType "tourn (blitz)"]
[EventRounds "22"]
[EventCountry "GER"]
[EventCategory "10"]
[SourceTitle "CBM 100 Extra"]
[Source "ChessBase"]
[SourceDate "2004.07.06"]
[SourceVersion "2"]
[SourceVersionDate "2004.07.06"]
[SourceQuality "1"]

1. e4 c5 2. Nf3 Nc6 3. d4 cxd4 4. Nxd4 e6 5. Nc3 Qc7 6. Be2 a6 7. O-O b5 8. Nxc6 dxc6 9. f4 c5 10. Be3 b4 11. Nb1 Nf6 12. Bf3 Bb7 13. Nd2 c4 14. c3 bxc3 15. bxc3 Rd8 16. Qe2 Rd3 17. Bd4 Bc5 18. Bxc5 Qxc5+ 19. Qf2 Qxf2+ 20. Rxf2 O-O 21. Rb1 Bc6 22. Nxc4 Nxe4 23. Rfb2 Rxc3 24. Ne5 Bd5 25. a4 h6 26. Rb6 Nd2 27. R1b2 Nxf3+ 28. Nxf3 Bxf3 29. gxf3 Rxf3 30. Rxa6 Rxf4 31. Ra7 Rc8 32. a5 Rc1+ 33. Kg2 Ra1 34. a6 Kh7 35. Rbb7 Kg6 36. Rc7 e5 37. Rc6+ Rf6 38. Rxf6+ Kxf6 39. Kf3 Ra4 40. Ra8 h5 41. a7 Kf5 42. h4 g6 43. Ke3 Ra3+ 44. Ke2 Kf4 45. Kd2 e4 46. Ke2 Ra2+ 47. Ke1 Kf3 48. Rf8 Rxa7 0-1

[Event "ACP Blitz Prelim2 3rd"]
[Site "Playchess.com INT"]
[Date "2004.06.01"]
[Round "5"]
[White "Charbonneau, Pascal"]
[Black "Deviatkin, Andrei"]
[Result "1/2-1/2"]
[WhiteElo "2485"]
[BlackElo "2495"]
[PlyCount "89"]
[GameId "1166646471307264"]
[EventDate "2004.06.01"]
[EventType "tourn (blitz)"]
[EventRounds "22"]
[EventCountry "GER"]
[EventCategory "10"]
[SourceTitle "CBM 100 Extra"]
[Source "ChessBase"]
[SourceDate "2004.07.06"]
[SourceVersion "2"]
[SourceVersionDate "2004.07.06"]
[SourceQuality "1"]

1. e4 c6 2. d4 d5 3. exd5 cxd5 4. c4 Nf6 5. Nc3 Nc6 6. Nf3 Bg4 7. cxd5 Nxd5 8. Qb3 Bxf3 9. gxf3 e6 10. Qxb7 Nxd4 11. Bb5+ Nxb5 12. Qc6+ Ke7 13. Qxb5 Qd7 14. Nxd5+ Qxd5 15. Bg5+ f6 16. Qxd5 exd5 17. Be3 Ke6 18. O-O-O Bb4 19. a3 Ba5 20. b4 Bc7 21. Rhe1 Kf7 22. Rxd5 Rhd8 23. Rxd8 Rxd8 24. h3 a6 25. Rd1 Ke6 26. Rxd8 Bxd8 27. Kc2 Kd5 28. Kd3 h5 29. a4 g5 30. b5 axb5 31. axb5 f5 32. b6 Kc6 33. Kc4 h4 34. Bd4 Bxb6 35. Bf6 g4 36. fxg4 fxg4 37. Bxh4 gxh3 38. Bg3 Bxf2 39. Bh2 Bc5 40. Kd3 Kd5 41. Ke2 Bd6 42. Bxd6 Kxd6 43. Kf2 Ke5 44. Kg3 h2 45. Kxh2 1/2-1/2

[Event "ACP Blitz Prelim2 3rd"]
[Site "Playchess.com INT"]
[Date "2004.06.01"]
[Round "6"]
[White "Gustafsson, Jan"]
[Black "Charbonneau, Pascal"]
[Result "1-0"]
[WhiteElo "2572"]
[BlackElo "2485"]
[PlyCount "85"]
[GameId "1166646471327744"]
[EventDate "2004.06.01"]
[EventType "tourn (blitz)"]
[EventRounds "22"]
[EventCountry "GER"]
[EventCategory "10"]
[SourceTitle "CBM 100 Extra"]
[Source "ChessBase"]
[SourceDate "2004.07.06"]
[SourceVersion "2"]
[SourceVersionDate "2004.07.06"]
[SourceQuality "1"]

1. Nf3 d5 2. d4 Nf6 3. c4 c6 4. cxd5 cxd5 5. Nc3 Nc6 6. Bf4 a6 7. Rc1 Bf5 8. e3 Rc8 9. Be2 e6 10. O-O Bd6 11. Bg5 h6 12. Bh4 g5 13. Bg3 O-O 14. Nd2 Kg7 15. Nb3 Bxg3 16. hxg3 Nd7 17. Na4 Rc7 18. a3 Qe7 19. Qd2 Rfc8 20. Rc3 b5 21. Nac5 Nxc5 22. Rxc5 Nd8 23. Qa5 Rxc5 24. Nxc5 Qa7 25. Bxb5 Rb8 26. Nxa6 Rb6 27. Qa4 Nb7 28. Nb4 Qb8 29. Rc1 Nd6 30. Bf1 h5 31. Rc6 Rb7 32. Qa6 Ne4 33. Qe2 Bg4 34. Qc2 h4 35. gxh4 gxh4 36. Rc8 Qd6 37. Qc6 Qe7 38. Qe8 Qxe8 39. Rxe8 Rc7 40. Nd3 Bf5 41. a4 Nd2 42. Nc5 Ne4 43. b4 1-0

[Event "ACP Blitz Prelim2 3rd"]
[Site "Playchess.com INT"]
[Date "2004.06.01"]
[Round "7"]
[White "Charbonneau, Pascal"]
[Black "Skripchenko, Almira"]
[Result "0-1"]
[WhiteElo "2485"]
[BlackElo "2456"]
[PlyCount "50"]
[GameId "1166646471348224"]
[EventDate "2004.06.01"]
[EventType "tourn (blitz)"]
[EventRounds "22"]
[EventCountry "GER"]
[EventCategory "10"]
[SourceTitle "CBM 100 Extra"]
[Source "ChessBase"]
[SourceDate "2004.07.06"]
[SourceVersion "2"]
[SourceVersionDate "2004.07.06"]
[SourceQuality "1"]

1. e4 c5 2. Nf3 e6 3. c4 Nc6 4. Nc3 e5 5. Be2 Be7 6. O-O d6 7. a3 f5 8. exf5 Bxf5 9. b4 Nf6 10. Nd5 O-O 11. Bb2 Be6 12. bxc5 Nxd5 13. cxd5 Bxd5 14. cxd6 Bxd6 15. d4 e4 16. Ne5 Qg5 17. Nc4 Bf4 18. g3 e3 19. Bf3 exf2+ 20. Rxf2 Bxc4 21. Qc2 Be3 22. Qxc4+ Kh8 23. Kg2 Bxf2 24. Kxf2 Qd2+ 25. Qe2 Rxf3+ 0-1

[Event "ACP Blitz Prelim2 3rd"]
[Site "Playchess.com INT"]
[Date "2004.06.01"]
[Round "8"]
[White "Zarnicki, Pablo Adrian"]
[Black "Charbonneau, Pascal"]
[Result "0-1"]
[WhiteElo "2513"]
[BlackElo "2485"]
[PlyCount "78"]
[GameId "1166646471380992"]
[EventDate "2004.06.01"]
[EventType "tourn (blitz)"]
[EventRounds "22"]
[EventCountry "GER"]
[EventCategory "10"]
[SourceTitle "CBM 100 Extra"]
[Source "ChessBase"]
[SourceDate "2004.07.06"]
[SourceVersion "2"]
[SourceVersionDate "2004.07.06"]
[SourceQuality "1"]

1. e4 c5 2. Nf3 e6 3. c3 d5 4. exd5 Qxd5 5. d4 Nf6 6. Be2 Nc6 7. O-O cxd4 8. cxd4 Be7 9. Nc3 Qd6 10. Nb5 Qd8 11. Bf4 Nd5 12. Bg3 O-O 13. Bc4 a6 14. Bxd5 axb5 15. Be4 Bf6 16. Be5 Bd7 17. Qd3 h6 18. Rfd1 b4 19. Qb3 Qe7 20. Rac1 Rfd8 21. Bb1 Be8 22. Qd3 g6 23. Qe3 Bg7 24. Bxg7 Kxg7 25. h4 Ra5 26. Ne5 Qxh4 27. g3 Qg5 28. f4 Qf6 29. Ng4 Qe7 30. f5 exf5 31. Qxh6+ Kg8 32. d5 fxg4 33. dxc6 Rxd1+ 34. Rxd1 Rh5 35. Qf4 Bxc6 36. Qd4 Rh1+ 37. Kf2 Rh2+ 38. Kg1 Rg2+ 39. Kh1 Rxg3+ 0-1

[Event "ACP Blitz Prelim2 3rd"]
[Site "Playchess.com INT"]
[Date "2004.06.01"]
[Round "9"]
[White "Charbonneau, Pascal"]
[Black "Vaisser, Anatoli"]
[Result "1/2-1/2"]
[WhiteElo "2485"]
[BlackElo "2573"]
[PlyCount "125"]
[GameId "1166646471385088"]
[EventDate "2004.06.01"]
[EventType "tourn (blitz)"]
[EventRounds "22"]
[EventCountry "GER"]
[EventCategory "10"]
[SourceTitle "CBM 100 Extra"]
[Source "ChessBase"]
[SourceDate "2004.07.06"]
[SourceVersion "2"]
[SourceVersionDate "2004.07.06"]
[SourceQuality "1"]

1. e4 e6 2. d4 d5 3. e5 c5 4. c3 Qb6 5. Nf3 Bd7 6. a3 Bb5 7. c4 dxc4 8. Nc3 cxd4 9. Nxb5 Qxb5 10. Qxd4 Nc6 11. Qxc4 Qxc4 12. Bxc4 Nge7 13. O-O a6 14. Bf4 Ng6 15. Bg3 Bc5 16. Rac1 Bb6 17. Rfd1 Ke7 18. Bd3 Rhd8 19. Be4 Rxd1+ 20. Rxd1 Rd8 21. Rxd8 Bxd8 22. h4 h5 23. Kf1 Bc7 24. Ke2 Kd7 25. Ke3 b5 26. Bxg6 fxg6 27. Ke4 Na5 28. Nd2 Bb6 29. f3 Nb7 30. b4 Nd8 31. Kd3 Nf7 32. Nb3 Kc6 33. Ke4 g5 34. Be1 gxh4 35. Bxh4 g5 36. Be1 Bc7 37. Bc3 Bb6 38. Bd4 Bxd4 39. Nxd4+ Kd7 40. Nb3 Nd8 41. Nc5+ Kc6 42. Nxa6 Nb7 43. Kd4 Kb6 44. Nc5 Nxc5 45. bxc5+ Kc6 46. Ke4 Kxc5 47. f4 gxf4 48. Kxf4 Kd5 49. Kg5 Kxe5 50. Kxh5 Kf4 51. g4 e5 52. g5 e4 53. g6 e3 54. g7 e2 55. g8=Q e1=Q 56. Qg5+ Kf3 57. Qxb5 Qh1+ 58. Kg5 Qg1+ 59. Kf6 Qd4+ 60. Ke6 Qe3+ 61. Kd5 Qxa3 62. Qc5 Qxc5+ 63. Kxc5 1/2-1/2

[Event "ACP Blitz Prelim2 3rd"]
[Site "Playchess.com INT"]
[Date "2004.06.01"]
[Round "10"]
[White "Shomoev, Anton"]
[Black "Charbonneau, Pascal"]
[Result "0-1"]
[WhiteElo "2483"]
[BlackElo "2485"]
[PlyCount "116"]
[GameId "1166646471409664"]
[EventDate "2004.06.01"]
[EventType "tourn (blitz)"]
[EventRounds "22"]
[EventCountry "GER"]
[EventCategory "10"]
[SourceTitle "CBM 100 Extra"]
[Source "ChessBase"]
[SourceDate "2004.07.06"]
[SourceVersion "2"]
[SourceVersionDate "2004.07.06"]
[SourceQuality "1"]

1. e4 c5 2. Nf3 e6 3. d4 cxd4 4. Nxd4 a6 5. Nc3 b5 6. Bd3 Bb7 7. O-O Qb6 8. Be3 Bc5 9. Be2 Nc6 10. Nxc6 Bxe3 11. Nb4 Bd4 12. Bf3 Ne7 13. Qd2 a5 14. Nd3 Ng6 15. Ne2 Bf6 16. g3 O-O 17. Bg2 Rac8 18. c3 Rfd8 19. Rad1 d6 20. Kh1 Ba6 21. a3 Ne5 22. Nxe5 dxe5 23. Qc2 b4 24. axb4 axb4 25. Rxd8+ Qxd8 26. Rd1 Qb6 27. Kg1 Bg5 28. Bf3 h6 29. Kg2 Qc5 30. Qb3 Bxe2 31. Bxe2 bxc3 32. Qxc3 Qxc3 33. bxc3 Rxc3 34. h4 Bf6 35. Rd2 g6 36. Bd3 h5 37. Kf1 Kg7 38. Ke2 Be7 39. Rc2 Ra3 40. Rc7 Kf6 41. Rc2 Bd8 42. Rb2 Be7 43. Rc2 Bd6 44. Rc6 Bb4 45. Rc2 Ba5 46. Rb2 Bc3 47. Rc2 Bd4 48. Rd2 Ke7 49. Bc4 f5 50. Bd3 Kf6 51. Bb1 g5 52. Bd3 Ra1 53. hxg5+ Kxg5 54. Rc2 Rh1 55. Kf3 h4 56. gxh4+ Rxh4 57. Re2 Rh3+ 58. Kg2 Rxd3 0-1

[Event "ACP Blitz Prelim2 3rd"]
[Site "Playchess.com INT"]
[Date "2004.06.02"]
[Round "11"]
[White "Charbonneau, Pascal"]
[Black "Avrukh, Boris"]
[Result "0-1"]
[WhiteElo "2485"]
[BlackElo "2620"]
[PlyCount "54"]
[GameId "1166646471426048"]
[EventDate "2004.06.01"]
[EventType "tourn (blitz)"]
[EventRounds "22"]
[EventCountry "GER"]
[EventCategory "10"]
[SourceTitle "CBM 100 Extra"]
[Source "ChessBase"]
[SourceDate "2004.07.06"]
[SourceVersion "2"]
[SourceVersionDate "2004.07.06"]
[SourceQuality "1"]

1. e4 c5 2. Nf3 Nc6 3. Bb5 Qb6 4. Nc3 e6 5. Bxc6 Qxc6 6. d4 cxd4 7. Nxd4 Qc7 8. O-O a6 9. Re1 d6 10. Bg5 Be7 11. Qd2 Nf6 12. Nf5 exf5 13. Bxf6 Bxf6 14. exf5+ Kf8 15. Nd5 Qd8 16. g4 Bd7 17. f4 Bc6 18. g5 Bxb2 19. Rab1 Ba3 20. f6 Bc5+ 21. Kf1 g6 22. Re7 h6 23. Qd3 hxg5 24. Nc7 Rxh2 25. Ne6+ fxe6 26. Qxg6 Rf2+ 27. Ke1 Qa5+ 0-1

[Event "ACP Blitz Prelim2 3rd"]
[Site "Playchess.com INT"]
[Date "2004.06.02"]
[Round "12"]
[White "Charbonneau, Pascal"]
[Black "Fressinet, Laurent"]
[Result "0-1"]
[WhiteElo "2485"]
[BlackElo "2636"]
[PlyCount "70"]
[GameId "1166646471446528"]
[EventDate "2004.06.01"]
[EventType "tourn (blitz)"]
[EventRounds "22"]
[EventCountry "GER"]
[EventCategory "10"]
[SourceTitle "CBM 100 Extra"]
[Source "ChessBase"]
[SourceDate "2004.07.06"]
[SourceVersion "2"]
[SourceVersionDate "2004.07.06"]
[SourceQuality "1"]

1. e4 e5 2. Nc3 Nf6 3. Bc4 Nc6 4. d3 Bb4 5. Bg5 Bxc3+ 6. bxc3 h6 7. Bxf6 Qxf6 8. Ne2 d6 9. O-O O-O 10. f4 Bg4 11. f5 Ne7 12. Qe1 Bxe2 13. Qxe2 c6 14. Rae1 b5 15. Bb3 a5 16. a3 Kh8 17. Kh1 Ng8 18. g4 Qh4 19. Rg1 Nf6 20. Rg3 d5 21. Qf3 Qg5 22. exd5 cxd5 23. Bxd5 Rac8 24. c4 Nxd5 25. Qxd5 bxc4 26. dxc4 f6 27. Qe4 Qd2 28. Rg2 Qc3 29. Re3 Qxc4 30. h4 Rfd8 31. Qxc4 Rxc4 32. Kh2 Rdd4 33. Kh3 h5 34. gxh5 Rxh4+ 35. Kg3 Rxh5 0-1